|
|
|
|
| LEADER |
01367nam a2200253 a 4500 |
| 001 |
00023462 |
| 003 |
BD-DhAAL |
| 008 |
110928r20102009bg b 000 0 ben |
| 020 |
|
|
|a 9844080509
|
| 040 |
|
|
|a BD-DhAAL
|c BD-DhAAL
|
| 082 |
0 |
0 |
|a 891.4409
|2 21
|
| 100 |
0 |
|
|a আলম, মাহবুবুল
|9 23744
|
| 245 |
1 |
0 |
|a বাংলা সাহিত্যের ইতিহাস :
|b প্রাচীন মধ্য ও আধুনিক যুগ /
|c মাহবুবুল আলম.
|
| 260 |
|
|
|a ঢাকা :
|b খান ব্রাদার্স এন্ড কোম্পানি,
|c ২০০৯.[মুদ্রণ ২০১০]
|
| 300 |
|
|
|a ৭৫১ পৃঃ. ;
|c ২৩ সে.মি.
|
| 504 |
|
|
|a Includes bibliographical references.
|
| 541 |
1 |
|
|e 00023462
|
| 650 |
|
|
|a Bengali literature
|x History and criticism.
|9 23745
|
| 650 |
|
|
|a Bengali literature
|y 20th century
|x History and criticism.
|
| 852 |
1 |
|
|a Ayesha Abed Library
|c General Shelf.
|
| 942 |
|
|
|2 ddc
|c BK
|
| 999 |
|
|
|c 11281
|d 11281
|
| 952 |
|
|
|0 0
|1 0
|2 ddc
|4 0
|6 891_440900000000000_ALA
|7 0
|9 18292
|a BIGD
|b BIGD
|c GEN
|d 2011-09-29
|g 400.00
|l 0
|o 891.4409 ALA
|p 3050023462
|r 2011-09-29
|t 1
|w 2011-09-29
|y BK
|x Transfer from BDI to BIGD.
|
| 952 |
|
|
|0 0
|1 0
|2 ddc
|4 0
|6 891_440900000000000_ALA
|7 0
|9 58414
|a SCL
|b SCL
|c GEN
|d 2016-03-18
|g 400.00
|l 7
|m 7
|o 891.4409 ALA
|p 3020007297
|r 2026-02-25
|s 2026-01-20
|t 2
|w 2016-03-18
|y BK
|